000 00512cam a2200205 a 4500
020 _a0387983988
020 _a9780387983981
020 _a0387984003
020 _a9780387984001
040 _cDLC
082 0 0 _a510 MON 1998 A061 Or.
245 0 0 _aMaple V programming guide /
300 _axi, 379 pages :
_billustrations ;
_c24 cm
500 _aOn cover: Waterloo Maple
500 _aIncludes index
650 0 _aAlgebra
700 1 _aMonagan, M. B
710 2 _aWaterloo Maple Software
942 _cEK
999 _c14505
_d14505